000 00431nam a2200169 i 4500
001 bg
245 0 _aOcieplam swój dom /
_cKazimierz Świętochowski.
250 _aWyd.2 rozsz.
260 _aWarszawa :
_b"BISPROL",
_c1990.
300 _a59 s. :
_brys. ;
_c21x30 cm.
650 9 _abudownictwo jednorodzinne
650 9 _aprojekty
040 _cBPK
041 _apl
942 _cKA
008 s pl f |000 0 pol
999 _c10075
_d10075
856 _uhttp://koha.tu.koszalin.pl/cgi-bin/koha/opac-detail.pl?biblionumber=10075
_yKatalog online BPK